000 02734cam a22004818i 4500
001 760532789
003 PE-LiUPU
005 20250905100510.0
008 111104s2011 dcu b 011 0 eng c
020 _a0915170477 (alkaline paper)
035 _a(OCoLC)760532789
040 _aICU/DLC
_erda
_bspa
_cPE-LiUPU
_dPE-LiUPU
042 _apcc
049 _aEXNS
050 0 0 _aBS2651
_b.C35 2011
066 _c(S
082 0 0 _a227.06
_bC392
_223
245 0 0 _aCelebrating Paul :
_bfestschrift in honor of Jerome Murphy-O'Connor, O.P., and Joseph A. Fitzmyer, S.J. /
_ceditado por Peter Spitaler.
264 _aWashington, DC :
_bThe Catholic Biblical Association of America,
_c2011.
300 _axxviii, 439 páginas ;
_c23 cm.
336 _atext
_2rdacontent.
337 _aunmediated
_2rdamedia.
338 _avolume
_2rdacarrier.
490 1 _aThe Catholic Biblical quarterly monograph series ;
_v48.
505 _aThe significance of the Pauline writings -- Divisions are necessary (1 Corinthians 11:19) -- In search of the historical Paul -- "I rate all things as loss" : Paul's puzzling accounting system : Judaism as loss or the re-evaluation of all things in Christ? -- Paul and the Jewish tradition : the ideology of the Shema -- Paul, a change agent : model for the twenty-first century -- Paul's four discourses about sin -- Adam and Christ in the Pauline Epistles -- Living in newness of life : Paul's understanding of the moral life -- Ecocentric or anthropocentric? : a reading of Romans 8:18-25 -- "Set apart for the gospel" (Romans 1:1) : Paul's self-introduction in the letter to the Romans -- Adam, Christ, and the law in Romans 5-8 -- [Nomos, agapē], and [charismata] in Paul's writings -- Interpreting Romans 11:14 : what is at stake? -- Reinterpreting Romans 13 within its broader context -- "To the Jew first" (Romans 1:16) : Paul's defense of Jewish privilege in Romans -- Paul, ritual purity, and the ritual baths south of the Temple Mount (Acts 21:15-28) -- Where have all my siblings gone? : a reflection on the use of kinship language in the Pastoral Epistles -- Augustine's Pauline method : 1 Corinthians 11:2-16 as a case study.
526 _aSEG42
526 _aSEG41
526 _aSEG40
526 _aSEG39
526 _aP94
526 _aP87
526 _aP86
526 _aP85
526 _aP77
526 _aP76
526 _aP35
600 0 _aPablo,
_cApóstol,
_xCrítica e interpretación.
_95101
700 1 _aMurphy-O'Connor, J.
_q(Jerome),
_d1935-
700 1 _aFitzmyer, Joseph A.
700 1 _aSpitaler, Peter.
_eeditor.
942 _2ddc
_cBK
_n0
980 _618226
_aJaime Vilcazán Jefe de Análisis Documental
_818226
_gJaime Vilcazán Jefe de Análisis Documental
999 _c62885
_d62884